[Event "ICS rated blitz match"]
[Site "204.178.125.65"]
[Date "2000.11.11"]
[Round "?"]
[White "Amateur"]
[Black "Hossa"]
[Result "1/2-1/2"]
[WhiteElo "2524"]
[BlackElo "2526"]
[PlyCount "142"]
[EventDate "2000.??.??"]

1. e4 e5 2. Nf3 Nc6 3. Bb5 a6 4. Ba4 Nf6 5. O-O Be7 6. Re1 d6 7. Bxc6+ bxc6 8.
d4 exd4 9. Nxd4 Bd7 10. e5 dxe5 11. Rxe5 O-O 12. Nc3 Bd6 13. Re1 Rb8 14. Qd3
Re8 15. Rd1 Qc8 16. Rb1 Ng4 17. h3 Bh2+ 18. Kf1 Ne5 19. Qe2 c5 20. Nf3 Nxf3 21.
Qxf3 Bf5 22. Rd2 Qe6 23. Re2 Qg6 24. Bf4 Rxe2 25. Nxe2 Be4 26. Qg4 Qxg4 27.
hxg4 Bxf4 28. Nxf4 Bxc2 29. Re1 g5 30. Nh5 c4 31. Nf6+ Kg7 32. Ne8+ Kg6 33.
Nxc7 Rxb2 34. Nxa6 Bd3+ 35. Kg1 Rxa2 36. Nc5 Ra5 37. Nxd3 cxd3 38. f3 Rd5 39.
Kf2 Rc5 40. Ke3 Re5+ 41. Kd2 Rxe1 42. Kxe1 Kf6 43. Kd2 Ke5 44. Kxd3 Kf4 45. Ke2
Kg3 46. Kf1 h6 47. Kg1 Kf4 48. Kf2 Ke5 49. Ke3 Kd5 50. f4 Ke6 51. g3 Kf6 52.
Kd4 gxf4 53. gxf4 h5 54. gxh5 Kg7 55. Ke5 Kh6 56. Kf6 Kxh5 57. Kf5 Kh6 58. Kg4
Kg6 59. f5+ Kf6 60. Kf4 Ke7 61. Kg5 Kf8 62. Kh6 Kg8 63. f6 Kh8 64. Kh5 Kh7 65.
Kg5 Kg8 66. Kg4 Kh7 67. Kh5 Kg8 68. Kh4 Kh7 69. Kg5 Kg8 70. Kf4 Kh7 71. Kg5 Kg8
{Game drawn by repetition} 1/2-1/2

[Event "ICS rated blitz match"]
[Site "204.178.125.65"]
[Date "2000.11.11"]
[Round "?"]
[White "NimzoX"]
[Black "Hossa"]
[Result "1-0"]
[WhiteElo "2894"]
[BlackElo "2526"]
[PlyCount "125"]
[EventDate "2000.??.??"]

1. e4 e5 2. Nf3 Nc6 3. Bb5 a6 4. Ba4 Nf6 5. O-O Be7 6. Re1 d6 7. c3 b5 8. Bb3
Na5 9. Bc2 O-O 10. h3 c5 11. d4 Qc7 12. Nbd2 cxd4 13. cxd4 Nc6 14. Nb3 a5 15.
Be3 a4 16. Nbd2 Nb4 17. Bb1 a3 18. Qb3 exd4 19. Nxd4 axb2 20. Qxb2 Qa5 21. a3
Na6 22. Nc6 Qc7 23. Qxb5 Nc5 24. Nc4 Ba6 25. Qb6 Bd8 26. Nxd8 Qxd8 27. Qxd8
Rfxd8 28. Nxd6 Nb3 29. Ba2 Nxa1 30. Nxf7 Rdb8 31. Rxa1 Be2 32. e5 Nd7 33. Ng5+
Kh8 34. Bf4 Rb2 35. e6 Nb6 36. e7 Bh5 37. Nf7+ Kg8 38. Nh6+ Kh8 39. Bf7 Re8 40.
Re1 Nc8 41. Bxh5 Rxe7 42. Be5 Rd2 43. Nf5 Rxe5 44. Rxe5 Rd8 45. Ne3 Nd6 46. a4
g6 47. Be2 Rd7 48. Rd5 Rd8 49. a5 Nf7 50. Rxd8+ Nxd8 51. Bb5 Ne6 52. a6 Nc7 53.
a7 Kg7 54. Bc6 h5 55. Nd5 Ne6 56. a8=Q g5 57. Qb7+ Kg6 58. Be8+ Kf5 59. Ne7+
Ke5 60. Qd5+ Kf6 61. Ng6 Kg7 62. Qe5+ Kh7 63. Qh8# {Hossa checkmated} 1-0

[Event "ICS rated blitz match"]
[Site "204.178.125.65"]
[Date "2000.11.11"]
[Round "?"]
[White "Hossa"]
[Black "F22Storm"]
[Result "1-0"]
[WhiteElo "2523"]
[BlackElo "2649"]
[PlyCount "165"]
[EventDate "2000.??.??"]

1. e4 e5 2. Nf3 Nc6 3. Bb5 a6 4. Ba4 Nf6 5. O-O Be7 6. Re1 b5 7. Bb3 d6 8. c3
O-O 9. h3 Na5 10. Bc2 c5 11. d3 Nc6 12. Kh1 d5 13. exd5 Qxd5 14. Qe2 Re8 15. a4
Bb7 16. axb5 axb5 17. Rxa8 Rxa8 18. Na3 b4 19. Nc4 Nd7 20. Bb3 Ra1 21. Qd1 e4
22. Nce5 Rxc1 23. Bxd5 Rxd1 24. Rxd1 Ncxe5 25. Nxe5 Nxe5 26. Bxb7 Nxd3 27. Kg1
f5 28. Bd5+ Kf8 29. Rd2 Bg5 30. Rc2 bxc3 31. bxc3 Ke7 32. Kf1 h5 33. Ra2 Kd6
34. Bf7 h4 35. Ra6+ Ke5 36. Bc4 Bd2 37. Rc6 Bxc3 38. Bxd3 exd3 39. Rxc5+ Kd4
40. Rxf5 Kc4 41. Rf3 Bf6 42. Ke1 Kc3 43. Kd1 Be5 44. Rf5 Bd6 45. Rg5 Bf8 46. f3
Bd6 47. Rxg7 Be5 48. Rg6 d2 49. Rg4 Bf6 50. Ra4 Bg5 51. Ra5 Bf4 52. Rc5+ Kb3
53. Rh5 Kc3 54. Rxh4 Bg3 55. Rh8 Bf4 56. Ra8 Bg5 57. g3 Kd3 58. Ra3+ Kc4 59. f4
Be7 60. Ra2 Bf6 61. Kxd2 Kd4 62. Ra4+ Kd5 63. Kd3 Bb2 64. g4 Ke6 65. h4 Kf7 66.
Ra2 Bc1 67. Ke4 Kg6 68. f5+ Kg7 69. Rc2 Ba3 70. g5 Bd6 71. h5 Bf8 72. f6+ Kf7
73. Rc8 Be7 74. fxe7 Kxe7 75. Ke5 Kd7 76. g6 Kxc8 77. Kd6 Kb7 78. g7 Ka6 79.
Kc5 Ka7 80. Kc6 Ka6 81. g8=R Ka5 82. Rg4 Ka6 83. Ra4# {F22Storm checkmated} 1-0

[Event "ICS rated standard match"]
[Site "204.178.125.65"]
[Date "2000.11.11"]
[Round "?"]
[White "Behrouz"]
[Black "Hossa"]
[Result "0-1"]
[WhiteElo "1924"]
[BlackElo "2334"]
[PlyCount "21"]
[EventDate "2000.??.??"]

1. d4 Nf6 2. c4 e6 3. Nc3 Bb4 4. e3 c5 5. Bd3 Bxc3+ 6. bxc3 Nc6 7. Nf3 d6 8.
O-O O-O 9. Qe2 e5 10. Ba3 e4 11. dxc5 {Behrouz resigns} 0-1

[Event "ICS rated standard match"]
[Site "204.178.125.65"]
[Date "2000.11.11"]
[Round "?"]
[White "Hossa"]
[Black "Behrouz"]
[Result "1-0"]
[WhiteElo "2337"]
[BlackElo "1921"]
[PlyCount "51"]
[EventDate "2000.??.??"]

1. e4 e5 2. Nf3 Nc6 3. Bb5 a6 4. Ba4 Nf6 5. O-O Be7 6. Re1 b5 7. Bb3 d6 8. c3
Na5 9. Bc2 c5 10. d4 O-O 11. dxe5 dxe5 12. Nxe5 Bb7 13. Qxd8 Raxd8 14. a4 b4
15. Nd2 Rfe8 16. Nb3 Nc6 17. Nxc6 Bxc6 18. Bf4 c4 19. Na5 Ba8 20. Nxc4 bxc3 21.
bxc3 Rc8 22. Nb6 Rxc3 23. Nxa8 Rxc2 24. Nc7 Bc5 25. Nxe8 Bxf2+ 26. Kf1 {
Behrouz resigns} 1-0

[Event "ICS rated blitz match"]
[Site "204.178.125.65"]
[Date "2000.11.11"]
[Round "?"]
[White "Hossa"]
[Black "Tinker"]
[Result "1-0"]
[WhiteElo "2545"]
[BlackElo "2324"]
[PlyCount "97"]
[EventDate "2000.??.??"]

1. e4 c5 2. Nf3 d6 3. d4 cxd4 4. Nxd4 Nf6 5. Nc3 g6 6. Be3 Bg7 7. f3 O-O 8. Bc4
Nc6 9. Bb3 Bd7 10. Nxc6 bxc6 11. Qd2 Qc7 12. O-O a6 13. Bh6 a5 14. Kh1 Bxh6 15.
Qxh6 Kh8 16. Qg5 Rab8 17. Rad1 c5 18. Nd5 Nxd5 19. Bxd5 Bb5 20. Rf2 e6 21. a4
Bxa4 22. Bc4 f5 23. b3 Bc6 24. Rfd2 fxe4 25. Rxd6 Rf5 26. Qg3 Bb7 27. fxe4 Bxe4
28. Bxe6 Rf6 29. Qc3 Qg7 30. Rd8+ Rf8 31. Qxa5 Qf6 32. Rxf8+ Rxf8 33. Qxc5
Bxg2+ 34. Kg1 Be4 35. Re1 Bf5 36. Bxf5 gxf5 37. Re7 Rg8+ 38. Kf1 Qa1+ 39. Re1
Qg7 40. Qe5 f4 41. c4 Qxe5 42. Rxe5 Kg7 43. Rg5+ Kh8 44. Rxg8+ Kxg8 45. Ke2 Kf8
46. Kf3 Ke8 47. Kxf4 Kf7 48. b4 h6 49. b5 {Tinker resigns} 1-0

[Event "ICS rated blitz match"]
[Site "204.178.125.65"]
[Date "2000.11.11"]
[Round "?"]
[White "Tinker"]
[Black "Hossa"]
[Result "1/2-1/2"]
[WhiteElo "2317"]
[BlackElo "2552"]
[PlyCount "99"]
[EventDate "2000.??.??"]

1. e4 e6 2. d4 d5 3. Nc3 Bb4 4. e5 Ne7 5. a3 Bxc3+ 6. bxc3 c5 7. Qg4 Qc7 8.
Qxg7 Rg8 9. Qxh7 cxd4 10. Ne2 Nbc6 11. f4 dxc3 12. Qd3 Nf5 13. Nxc3 Ncd4 14.
Bd2 Bd7 15. a4 Rc8 16. g3 Qb6 17. a5 Qc5 18. Ra2 Rh8 19. h4 Qb4 20. Kf2 Qc5 21.
Ke1 Rg8 22. Rh3 Nc6 23. Ne2 Nb4 24. Bxb4 Qxb4+ 25. c3 Qc5 26. Rb2 Qxa5 27. Rxb7
Qa3 28. h5 Bc6 29. Rb1 Qa2 30. h6 Ne3 31. Rc1 Nxf1 32. h7 Rh8 33. Kxf1 Rb8 34.
Qd1 Bb5 35. Ke1 Bxe2 36. Qxe2 Rb2 37. Qd3 Rg2 38. Qe3 Rh2 39. Rxh2 Qxh2 40. Qc5
Qxg3+ 41. Ke2 Qg2+ 42. Kd1 Rxh7 43. Qc8+ Ke7 44. Qc7+ Kf8 45. Qd8+ Kg7 46. Qf6+
Kg8 47. Qd8+ Kg7 48. Qf6+ Kg8 49. Qd8+ Kg7 50. Qf6+ {Game drawn by repetition}
1/2-1/2

[Event "ICS rated standard match"]
[Site "204.178.125.65"]
[Date "2000.11.11"]
[Round "?"]
[White "EgoBasher"]
[Black "Hossa"]
[Result "1-0"]
[WhiteElo "2740"]
[BlackElo "2340"]
[PlyCount "133"]
[EventDate "2000.??.??"]

1. d4 Nf6 2. c4 e6 3. Nf3 b6 4. a3 Bb7 5. Nc3 d5 6. cxd5 Nxd5 7. e3 Be7 8. Bb5+
c6 9. Bd3 O-O 10. e4 Nf6 11. Qc2 Ba6 12. Bxa6 Nxa6 13. O-O c5 14. Rd1 cxd4 15.
Bf4 Qd7 16. Nxd4 Qb7 17. e5 Nd7 18. Qe4 Qxe4 19. Nxe4 Nac5 20. Nxc5 Nxc5 21. b4
Ne4 22. Rac1 Rfc8 23. Nb5 Rxc1 24. Rxc1 Bh4 25. Be3 f5 26. f3 Bg5 27. Bxg5 Nxg5
28. Rc6 f4 29. Kf2 Rd8 30. Nxa7 Rd2+ 31. Kf1 h5 32. Rxb6 h4 33. Rb8+ Kh7 34. h3
Rd1+ 35. Ke2 Ra1 36. Rf8 Rxa3 37. Nc6 Ra2+ 38. Kf1 Ra1+ 39. Kf2 Ra2+ 40. Kg1
Rc2 41. Na5 Kg6 42. Rxf4 Rc1+ 43. Kh2 Rc2 44. Nb7 Kh5 45. Nd6 Re2 46. b5 Rb2
47. Rf8 Kg6 48. Kg1 Rb4 49. Kf2 Kh5 50. Ke3 Rb3+ 51. Kd4 Nh7 52. Re8 Ng5 53. f4
Nh7 54. Rxe6 Rb4+ 55. Kd5 Nf8 56. f5 g5 57. Rf6 Nh7 58. Rg6 Nf8 59. Rg8 Kh6 60.
e6 Rb2 61. e7 Nh7 62. Rg6+ Kh5 63. Nf7 Nf6+ 64. Ke6 Re2+ 65. Kxf6 Re6+ 66. Kxe6
g4 67. hxg4# {Hossa checkmated} 1-0

[Event "ICS Rated standard match"]
[Site "204.178.125.65"]
[Date "2000.11.11"]
[Round "?"]
[White "BrazilianMaster"]
[Black "Hossa"]
[Result "1-0"]
[WhiteElo "2669"]
[BlackElo "2337"]
[PlyCount "129"]
[EventDate "2000.??.??"]

1. e4 e5 2. Nf3 Nc6 3. Bb5 d6 4. O-O Bd7 5. c3 Nf6 6. Re1 Be7 7. d4 O-O 8. Ba4
Re8 9. Nbd2 exd4 10. Nxd4 Ne5 11. Bc2 a6 12. N2f3 Bg4 13. h3 Bh5 14. g4 Nxf3+
15. Qxf3 Bg6 16. Bf4 Nd7 17. Qe3 Bf6 18. Rad1 Nb6 19. Qf3 Bg5 20. Bb3 Bxf4 21.
Qxf4 a5 22. Qg3 a4 23. Bc2 a3 24. b3 Nd7 25. f4 h6 26. c4 Nb8 27. b4 Na6 28. f5
Bh7 29. Qxa3 Qh4 30. Kg2 Qe7 31. Nf3 Nc5 32. Qc3 Nd7 33. a4 Rac8 34. Rd5 c6 35.
Rd2 c5 36. Red1 cxb4 37. Qxb4 Nc5 38. a5 h5 39. Rd5 hxg4 40. hxg4 f6 41. Nd4
Na6 42. Qb3 Nc5 43. Qh3 Red8 44. g5 g6 45. Qh6 Qf8 46. Rh1 Qxh6 47. Rxh6 Kg7
48. Rxc5 fxg5 49. Rxc8 Rxc8 50. Rh3 Rxc4 51. Ne6+ Kf6 52. Bb3 Rxe4 53. Rxh7 Rb4
54. fxg6 Rxb3 55. g7 Rb2+ 56. Kf1 Kf7 57. Rh8 Kxe6 58. g8=Q+ Kf6 59. Rh6+ Ke5
60. Qxg5+ Ke4 61. Rh4+ Kd3 62. Qd5+ Kc2 63. Rc4+ Kb1 64. Qd1+ Ka2 65. Ra4# {
Hossa checkmated} 1-0

[Event "ICS rated blitz match"]
[Site "204.178.125.65"]
[Date "2000.11.11"]
[Round "?"]
[White "Hossa"]
[Black "CosmicJoke"]
[Result "0-1"]
[WhiteElo "2543"]
[BlackElo "2764"]
[PlyCount "132"]
[EventDate "2000.??.??"]

1. e4 e5 2. Nf3 Nf6 3. Nxe5 d6 4. Nf3 Nxe4 5. Nc3 Nxc3 6. dxc3 Be7 7. Bf4 O-O
8. Bd3 Nd7 9. O-O Nc5 10. Re1 Bf6 11. Nd2 Be6 12. Qh5 g6 13. Qf3 Bg7 14. Ne4
Bd5 15. Be3 c6 16. Bxc5 dxc5 17. Qf4 c4 18. Bf1 a5 19. Nc5 b6 20. Na4 Qb8 21.
Qh4 b5 22. Nc5 Re8 23. Rad1 Qd6 24. Ne4 Qd8 25. Qxd8 Raxd8 26. Nc5 Rxe1 27.
Rxe1 Bf8 28. Ne4 Kg7 29. Re3 Re8 30. Nd2 Rxe3 31. fxe3 f5 32. Kf2 Bc5 33. g3 a4
34. a3 Bb6 35. Nf3 c5 36. Ne5 Bc7 37. Nd7 Bd6 38. Nb6 Be4 39. Bg2 Kf6 40. Bxe4
fxe4 41. Nc8 Bb8 42. Kg2 g5 43. Nb6 Ke6 44. Nc8 h5 45. h4 Kd7 46. Nb6+ Kc6 47.
Nc8 gxh4 48. gxh4 Kd7 49. Nb6+ Kd6 50. Nc8+ Ke6 51. Kf2 Be5 52. Ke2 Bg3 53. Kd2
Bxh4 54. Na7 Bg5 55. Nxb5 h4 56. Ke2 h3 57. Kf2 Bxe3+ 58. Kg3 Bd2 59. Nc7+ Ke5
60. Na6 e3 61. Nxc5 e2 62. Kxh3 e1=Q 63. Nd7+ Kf4 64. Kg2 Be3 65. Nf6 Qg3+ 66.
Kf1 Qf2# {Hossa checkmated} 0-1

[Event "ICS rated standard match"]
[Site "204.178.125.65"]
[Date "2000.11.11"]
[Round "?"]
[White "Hossa"]
[Black "DiepBlue"]
[Result "1/2-1/2"]
[WhiteElo "2333"]
[BlackElo "2463"]
[PlyCount "52"]
[EventDate "2000.??.??"]

1. e4 e5 2. Nf3 Nc6 3. Bb5 a6 4. Ba4 Nf6 5. O-O Be7 6. Re1 b5 7. Bb3 d6 8. c3
O-O 9. h3 Bb7 10. d4 Re8 11. Nbd2 Bf8 12. a4 h6 13. d5 Nb8 14. Qe2 Nbd7 15.
axb5 axb5 16. Rxa8 Qxa8 17. Qxb5 Nc5 18. Bc2 Ba6 19. Qa5 Bd3 20. Qxa8 Rxa8 21.
b4 Bxc2 22. bxc5 Ra1 23. Bb2 Ra2 24. Bc1 Ra1 25. Bb2 Ra2 26. Bc1 Ra1 {
Game drawn by repetition} 1/2-1/2

[Event "ICS rated standard match"]
[Site "204.178.125.65"]
[Date "2000.11.11"]
[Round "?"]
[White "DiepBlue"]
[Black "Hossa"]
[Result "1/2-1/2"]
[WhiteElo "2457"]
[BlackElo "2339"]
[PlyCount "268"]
[EventDate "2000.??.??"]

1. d4 Nf6 2. c4 e6 3. Nc3 Bb4 4. Qc2 O-O 5. a3 Bxc3+ 6. Qxc3 b6 7. Bg5 Bb7 8.
f3 h6 9. Bh4 d5 10. e3 Nbd7 11. Nh3 c5 12. cxd5 Nxd5 13. Bxd8 Nxc3 14. Be7 Rfe8
15. Bh4 Nd5 16. Bb5 g5 17. dxc5 Nxc5 18. Bxe8 Rxe8 19. Bf2 Nd3+ 20. Kd2 Nxb2
21. e4 Nc4+ 22. Kd3 Ne5+ 23. Kc2 g4 24. exd5 gxh3 25. Rhg1 hxg2 26. Rxg2+ Kf8
27. Rag1 Rc8+ 28. Kd1 Rc4 29. Rg8+ Ke7 30. dxe6 Kxe6 31. Rh8 Bxf3+ 32. Kd2 Ra4
33. Re1 Kf5 34. Bg3 Nc4+ 35. Kc3 b5 36. Rxh6 Rxa3+ 37. Kb4 Kg5 38. Rh8 a6 39.
Rg8+ Kf5 40. Re7 f6 41. Rf8 Ra4+ 42. Kc5 Nd2 43. Kb6 b4 44. Bh4 Ne4 45. Bxf6
Nxf6 46. Ref7 Be4 47. Rxf6+ Ke5 48. Kc5 b3 49. Rf2 Ra5+ 50. Kb4 Rb5+ 51. Kc3
Bc2 52. Re8+ Kd5 53. Rd2+ Kc6 54. Re6+ Kc7 55. Rf2 Kd7 56. Rh6 Ke7 57. Kb2 a5
58. Rff6 Rc5 59. Ra6 Kd8 60. Ra7 Rc7 61. Rh8+ Kd7 62. Rxa5 Ke6 63. h4 Kf7 64.
h5 Kg7 65. Rd8 Rb7 66. Ra6 Rc7 67. Rad6 Ra7 68. Rb8 Kh7 69. Re8 Kg7 70. Rb8 Kh7
71. Rc8 Ra2+ 72. Kc3 Ra7 73. Rcd8 Rc7+ 74. Kb2 Kg7 75. Rb8 Kf7 76. h6 Re7 77.
Rc6 Be4 78. Rcc8 Kg6 79. Rb6+ Kh7 80. Kxb3 Bg6 81. Rc1 Re3+ 82. Kb4 Re4+ 83.
Kc3 Rh4 84. Rg1 Rxh6 85. Rb7+ Kg8 86. Kd4 Kf8 87. Rf1+ Kg8 88. Rf6 Rh4+ 89. Ke3
Rh3+ 90. Kf2 Rh2+ 91. Kf3 Rh3+ 92. Kg4 Be4 93. Rc7 Rh7 94. Rc8+ Kg7 95. Rd6 Kf7
96. Rc4 Rg7+ 97. Kf4 Bg2 98. Rc7+ Kg8 99. Rc8+ Kf7 100. Rh6 Bb7 101. Rb8 Bg2
102. Rc8 Bb7 103. Rd8 Ke7 104. Rb8 Bd5 105. Ke5 Bg2 106. Rhh8 Rg5+ 107. Kf4 Rg6
108. Rbe8+ Kd6 109. Rd8+ Ke6 110. Rhe8+ Kf7 111. Rf8+ Ke7 112. Rde8+ Kd7 113.
Rb8 Ke7 114. Rfe8+ Kf7 115. Red8 Ke7 116. Re8+ Kf7 117. Rec8 Ke7 118. Rh8 Rf6+
119. Ke5 Re6+ 120. Kd4 Rd6+ 121. Kc3 Rc6+ 122. Kd2 Rd6+ 123. Ke3 Re6+ 124. Kf2
Be4 125. Rhe8+ Kf6 126. Rf8+ Ke7 127. Rfe8+ Kf6 128. Red8 Re7 129. Rbc8 Ke5
130. Rf8 Rb7 131. Rcd8 Rb2+ 132. Kg3 Rb6 133. Kg4 Rg6+ 134. Kh5 Rg1 {
Game drawn by the 50 move rule} 1/2-1/2

[Event "ICS Rated blitz match"]
[Site "204.178.125.65"]
[Date "2000.11.11"]
[Round "?"]
[White "Valg"]
[Black "Hossa"]
[Result "1-0"]
[WhiteElo "2536"]
[BlackElo "2536"]
[PlyCount "131"]
[EventDate "2000.??.??"]

1. d4 Nf6 2. c4 g6 3. Nc3 Bg7 4. e4 d6 5. f3 O-O 6. Be3 e5 7. d5 c6 8. Bd3 b5
9. cxb5 cxd5 10. exd5 e4 11. Nxe4 Nxd5 12. Bg5 Qb6 13. Qd2 Re8 14. Bc4 Nf6 15.
Bxf6 Bxf6 16. Ne2 Bh4+ 17. g3 Be7 18. Nf4 Bb7 19. Nd5 Bxd5 20. Bxd5 Nd7 21.
Bxa8 Rxa8 22. Qe2 Re8 23. Nf2 Qa5+ 24. Kf1 d5 25. Kg2 Nf6 26. Qd3 Bc5 27. Rhc1
Qb6 28. Rc2 Bxf2 29. Rxf2 Re3 30. Qd2 d4 31. Rc1 Ne8 32. Rc6 Qxb5 33. Qxd4 Re7
34. Qc5 Qb7 35. Rd2 Re1 36. Kf2 Re7 37. b4 h6 38. Re2 Rxe2+ 39. Kxe2 Kh7 40. a4
h5 41. b5 a5 42. bxa6 Qb2+ 43. Qc2 Qd4 44. Qe4 Qb2+ 45. Rc2 Qb8 46. a7 Qxa7 47.
Qxe8 Qa6+ 48. Qb5 Qe6+ 49. Kd3 Qd6+ 50. Ke3 Qe7+ 51. Kf2 Qd8 52. a5 h4 53. a6
Qd4+ 54. Kg2 hxg3 55. hxg3 Qe3 56. Qb7 Kh6 57. a7 Qd3 58. Qc8 Qd4 59. Qf8+ Qg7
60. Qxg7+ Kxg7 61. a8=Q Kf6 62. Qd8+ Kg7 63. Rc8 g5 64. Qh8+ Kg6 65. Rc6+ f6
66. Rxf6# {Hossa checkmated} 1-0

[Event "ICS rated blitz match"]
[Site "204.178.125.65"]
[Date "2000.11.11"]
[Round "?"]
[White "Valg"]
[Black "Hossa"]
[Result "1-0"]
[WhiteElo "2547"]
[BlackElo "2520"]
[PlyCount "123"]
[EventDate "2000.??.??"]

1. d4 Nf6 2. c4 e6 3. Nf3 b6 4. g3 Bb7 5. Bg2 Be7 6. O-O O-O 7. Nc3 Ne4 8. Nxe4
Bxe4 9. Ne1 Bxg2 10. Nxg2 d5 11. Qa4 dxc4 12. Qxc4 c5 13. Be3 cxd4 14. Bxd4 Nd7
15. Rfd1 Rc8 16. Qa4 Rc7 17. Be5 Rb7 18. Rac1 Bc5 19. Bd6 Bxd6 20. Rxd6 Qe7 21.
Rcd1 Nf6 22. Ne3 Rc7 23. Qd4 Rcc8 24. Qf4 Rfe8 25. f3 Qc7 26. b3 Qc5 27. b4 Qb5
28. R1d3 e5 29. Qg5 h6 30. Qf5 Qxb4 31. Rd2 Qa3 32. Nd1 Qc1 33. Kg2 e4 34. Qf4
Qa1 35. Kf2 h5 36. Kg2 Qc1 37. Ne3 exf3+ 38. exf3 Qe1 39. Nf5 Re2+ 40. Kh3 Qf1+
41. Kh4 Nh7 42. Rd8+ Rxd8 43. Rxd8+ Nf8 44. h3 Qb1 45. Qg5 Qb4+ 46. f4 Qc3 47.
Nh6+ Kh7 48. Rxf8 Qc5 49. Rxf7 Qxg5+ 50. Kxg5 h4 51. g4 Re6 52. Nf5 Rg6+ 53.
Kh5 b5 54. g5 Rc6 55. Rxg7+ Kh8 56. Rxa7 Kg8 57. g6 Rf6 58. Nh6+ Kf8 59. g7+
Ke8 60. g8=Q+ Rf8 61. Qe6+ Kd8 62. Qd7# {Hossa checkmated} 1-0

[Event "ICS rated standard match"]
[Site "204.178.125.65"]
[Date "2000.11.11"]
[Round "?"]
[White "Hossa"]
[Black "Amateur"]
[Result "1/2-1/2"]
[WhiteElo "2344"]
[BlackElo "2355"]
[PlyCount "95"]
[EventDate "2000.??.??"]

1. e4 e5 2. Nf3 Nc6 3. Bb5 a6 4. Ba4 Nf6 5. O-O Be7 6. Re1 b5 7. Bb3 O-O 8. a4
Bb7 9. d3 d6 10. Nc3 Na5 11. Ba2 b4 12. Ne2 c5 13. c3 bxc3 14. bxc3 Rb8 15. Ng3
Bc6 16. Nf5 Qd7 17. Nxe7+ Qxe7 18. Bg5 h6 19. Bxf6 Qxf6 20. Qc2 Qf4 21. Nd2 Rb6
22. Rab1 Bxa4 23. Qxa4 Qxd2 24. Rf1 Rxb1 25. Rxb1 Qxc3 26. Rd1 Qb4 27. Qd7 c4
28. Bxc4 Nxc4 29. dxc4 Qxc4 30. Qxd6 Qb5 31. f3 Rc8 32. Kf2 a5 33. Kg3 Qe2 34.
Qd2 Qxd2 35. Rxd2 a4 36. Ra2 Rc4 37. Kf2 f6 38. Ke3 Rb4 39. Kd3 Rd4+ 40. Kc3
Kf7 41. Rb2 Kg6 42. Rb4 a3 43. Rb1 h5 44. Ra1 Ra4 45. Kb3 Rd4 46. Kc3 Ra4 47.
Kb3 Rd4 48. Kc3 {Game drawn by repetition} 1/2-1/2

[Event "ICS rated standard match"]
[Site "204.178.125.65"]
[Date "2000.11.11"]
[Round "?"]
[White "Amateur"]
[Black "Hossa"]
[Result "1/2-1/2"]
[WhiteElo "2354"]
[BlackElo "2345"]
[PlyCount "156"]
[EventDate "2000.??.??"]

1. e4 e5 2. Nf3 Nf6 3. Nxe5 d6 4. Nf3 Nxe4 5. d4 d5 6. Bd3 Be7 7. Qe2 O-O 8.
O-O Nf6 9. Bg5 Re8 10. Re1 Be6 11. Ne5 Nc6 12. Nxc6 bxc6 13. Nd2 c5 14. dxc5
Bxc5 15. Qf3 Be7 16. Bb5 Bd7 17. Bxd7 Qxd7 18. Re5 Rab8 19. Rb1 Qa4 20. Rbe1
Qxc2 21. Bxf6 gxf6 22. Rxd5 Rxb2 23. a3 Rbb8 24. Qg4+ Kh8 25. Qd4 Qc6 26. Ra5
Bxa3 27. Rxe8+ Rxe8 28. Nf1 Rg8 29. g3 Be7 30. Qxa7 Rd8 31. Ne3 Kg8 32. Ra4 Bc5
33. Qa6 Qxa6 34. Rxa6 Bxe3 35. fxe3 Kg7 36. Rc6 Rc8 37. g4 Re8 38. Rxc7 Rxe3
39. Kf2 Re5 40. Kf3 f5 41. Kf4 Re2 42. Kxf5 Rxh2 43. Kg5 Rf2 44. Ra7 h6+ 45.
Kh4 Rf3 46. Ra5 Kg6 47. Rd5 f6 48. Ra5 Re3 49. Ra8 Rb3 50. Rg8+ Kf7 51. Rh8 Kg7
52. Rd8 Rf3 53. Rd5 Re3 54. Ra5 Rd3 55. Rc5 Ra3 56. Rd5 Kg6 57. Rc5 Rd3 58. Rc8
Rf3 59. Rg8+ Kh7 60. Ra8 Rc3 61. Ra6 Kg6 62. Ra5 Rf3 63. Ra8 Rd3 64. Rc8 Kf7
65. Rc7+ Ke6 66. Rh7 Rd1 67. Kg3 Rh1 68. Kg2 Rc1 69. Rxh6 Ke5 70. Rh5+ Ke4 71.
Rf5 Rc6 72. Kg3 Rd6 73. Kh4 Re6 74. Kh5 Re5 75. Rxe5+ Kxe5 76. Kg6 Ke6 77. Kg7
f5 78. gxf5+ Kxf5 {Game drawn because neither player has mating material}
1/2-1/2

[Event "ICS Rated standard match"]
[Site "204.178.125.65"]
[Date "2000.11.11"]
[Round "?"]
[White "Hossa"]
[Black "ULTRAMODERNIST"]
[Result "1/2-1/2"]
[WhiteElo "2345"]
[BlackElo "2162"]
[PlyCount "149"]
[EventDate "2000.??.??"]

1. e4 c6 2. Nc3 d5 3. Nf3 dxe4 4. Nxe4 Bf5 5. Ng3 Bg6 6. Ne5 Nd7 7. Nxg6 hxg6
8. d4 e6 9. Bd3 Qc7 10. c3 Ngf6 11. Bg5 Bd6 12. Qf3 O-O-O 13. O-O Kb8 14. h3 e5
15. Rfe1 Rde8 16. Bc2 Rhf8 17. Ne4 Nxe4 18. Qxe4 f6 19. Bf4 g5 20. Bh2 Re7 21.
Qg4 Nb6 22. dxe5 Bxe5 23. Bxe5 Rxe5 24. Rxe5 Qxe5 25. Rd1 Kc7 26. Qf5 Qxf5 27.
Bxf5 Re8 28. Kf1 Re5 29. Bc2 a5 30. g3 Nd7 31. a4 Nb6 32. Bb3 Nd7 33. Rd2 Nb6
34. Re2 Kd6 35. Rc2 Nd7 36. Rd2+ Kc7 37. Bc2 Nb6 38. Re2 Kd6 39. Re1 Nc4 40.
Rd1+ Kc7 41. b3 Nb6 42. Bg6 Nd5 43. Rd3 Ne7 44. Bf7 Nf5 45. Kg2 Nd6 46. Bg6 b6
47. b4 Re7 48. Re3 Rxe3 49. fxe3 axb4 50. cxb4 c5 51. b5 Nc4 52. Kf2 Kd6 53.
Ke2 Ke5 54. Bb1 Na5 55. Ba2 f5 56. Bf7 Nb7 57. g4 f4 58. Bc4 Nd6 59. Bd3 Nb7
60. Kf2 Nd6 61. Kf3 fxe3 62. Kxe3 Nb7 63. Be4 Nd6 64. Bc6 Nc4+ 65. Kd3 Na5 66.
Bg2 Kf4 67. Ke2 Kg3 68. Bf1 Nc4 69. Kd3 Na5 70. Ke2 Kf4 71. Kf2 Ke4 72. Ke2 Kf4
73. Kf2 Ke4 74. Ke2 Kf4 75. Kf2 {Game drawn by repetition} 1/2-1/2

[Event "ICS Rated standard match"]
[Site "204.178.125.65"]
[Date "2000.11.11"]
[Round "?"]
[White "ULTRAMODERNIST"]
[Black "Hossa"]
[Result "0-1"]
[WhiteElo "2170"]
[BlackElo "2337"]
[PlyCount "46"]
[EventDate "2000.??.??"]

1. c4 Nf6 2. Nc3 g6 3. d3 d5 4. cxd5 Nxd5 5. g3 Bg7 6. Bd2 O-O 7. Bg2 Nxc3 8.
bxc3 c5 9. h4 Qa5 10. Qc1 c4 11. d4 Nd7 12. h5 gxh5 13. e4 Rd8 14. Bf3 Nc5 15.
Kf1 Nd3 16. Qd1 e5 17. Rxh5 Qb6 18. Ne2 exd4 19. cxd4 Bxd4 20. Nxd4 Qxd4 21.
Be3 Qf6 22. Bg5 Qb2 23. Be3 c3 {ULTRAMODERNIST resigns} 0-1

[Event "ICS rated standard match"]
[Site "204.178.125.65"]
[Date "2000.11.11"]
[Round "?"]
[White "Hossa"]
[Black "Esen"]
[Result "1-0"]
[WhiteElo "2346"]
[BlackElo "1912"]
[PlyCount "57"]
[EventDate "2000.??.??"]

1. e4 c6 2. Nc3 g6 3. d3 Bg7 4. Nf3 d5 5. Bf4 Bg4 6. exd5 cxd5 7. Be2 a6 8. O-O
Bxf3 9. Bxf3 Nf6 10. Qd2 Nc6 11. Rfe1 O-O 12. d4 e6 13. Ne2 b5 14. Bh6 Qb6 15.
Red1 Rac8 16. Qg5 Na5 17. Rac1 Nc4 18. b3 Na5 19. c3 Qd8 20. Ng3 Nd7 21. Qe3
Bxh6 22. Qxh6 Qf6 23. Re1 Qg7 24. Qf4 Rc6 25. Qd2 Nb7 26. c4 Nb6 27. cxd5 Rxc1
28. Qxc1 Nxd5 29. Qc6 {Esen resigns} 1-0

[Event "ICS rated standard match"]
[Site "204.178.125.65"]
[Date "2000.11.12"]
[Round "?"]
[White "DiepBlue"]
[Black "Hossa"]
[Result "1/2-1/2"]
[WhiteElo "2448"]
[BlackElo "2348"]
[PlyCount "52"]
[EventDate "2000.??.??"]

1. d4 Nf6 2. c4 e6 3. Nc3 Bb4 4. Qc2 O-O 5. a3 Bxc3+ 6. Qxc3 b6 7. Bg5 Bb7 8.
f3 h6 9. Bh4 d5 10. e3 Nbd7 11. Nh3 c5 12. cxd5 Nxd5 13. Bxd8 Nxc3 14. Be7 Rfe8
15. Bh4 Nd5 16. Bb5 g5 17. dxc5 Nxc5 18. Bxe8 Rxe8 19. Bf2 Nd3+ 20. Kd2 Nxb2
21. e4 Nc4+ 22. Kd3 Ne5+ 23. Kd4 Nc6+ 24. Kd3 Ne5+ 25. Kd4 Nc6+ 26. Kd3 Ne5+ {
Game drawn by repetition} 1/2-1/2

[Event "ICS rated standard match"]
[Site "204.178.125.65"]
[Date "2000.11.12"]
[Round "?"]
[White "megacapa"]
[Black "Hossa"]
[Result "1-0"]
[WhiteElo "2040"]
[BlackElo "2357"]
[PlyCount "125"]
[EventDate "2000.??.??"]

1. e4 e5 2. Nf3 Nf6 3. Nc3 Nc6 4. Bb5 Bb4 5. O-O O-O 6. d3 Bxc3 7. bxc3 d6 8.
Bg5 h6 9. Bh4 a6 10. Ba4 b5 11. Bb3 Na5 12. d4 g5 13. Nxg5 hxg5 14. Bxg5 Re8
15. f4 exd4 16. e5 Bg4 17. Qe1 Nxb3 18. axb3 Re6 19. Qh4 dxe5 20. fxe5 Be2 21.
Bxf6 Rxf6 22. exf6 Bxf1 23. Qh6 Qf8 24. Qg5+ Kh7 25. Qf5+ Kg8 26. Rxf1 Qh6 27.
Rf4 Kf8 28. g3 Rd8 29. Qe5 Re8 30. Qc5+ Kg8 31. Rg4+ Kh7 32. Rh4 Qxh4 33. gxh4
Rg8+ 34. Kf2 Rg6 35. Qxd4 Kh6 36. h3 a5 37. Kf3 Kh5 38. Qd5+ Kxh4 39. Qxf7 Kg5
40. h4+ Kf5 41. h5 Rg5 42. h6 Rg6 43. h7 Rh6 44. Qg7 Rh3+ 45. Kg2 Rxh7 46.
Qxh7+ Kxf6 47. Qxc7 a4 48. bxa4 bxa4 49. Qc6+ Ke7 50. Qxa4 Kd6 51. Qc4 Kd7 52.
Qc5 Ke6 53. Qc6+ Ke5 54. Qd7 Kf6 55. c4 Kg6 56. c5 Kf6 57. c6 Kg6 58. c7 Kg5
59. c8=Q Kh6 60. Qc5 Kg6 61. Qdd6+ Kg7 62. Qa7+ Kg8 63. Qdb8# {Hossa checkmated
} 1-0